[Event "4NCL 2012-13"]
[Site "Staverton ENG"]
[Date "2013.02.23"]
[Round "5.143"]
[White "Coates, Kenneth G"]
[Black "Sowray, Peter J"]
[Result "0-1"]
[BlackTitle "FM"]
[WhiteElo "2184"]
[BlackElo "2362"]
[WhiteTeam "BCM"]
[BlackTeam "e2e4.org.uk"]
[WhiteFideId "409391"]
[BlackFideId "400971"]
[EventDate "2012.11.03"]

1. d4 Nf6 2. Nf3 g6 3. Nc3 d5 4. Bf4 Bg7 5. Qd2 Ne4 6. Nxe4 dxe4 7. Ne5 Nd7 8.
Nxd7 Qxd7 9. e3 O-O 10. Qc3 c6 11. Rd1 Qf5 12. Be2 c5 13. Be5 Bxe5 14. dxe5 Qg5
15. g4 Qh4 16. Qc4 Be6 17. Qxe4 h5 18. Qg2 hxg4 19. Rg1 Qh5 20. Qg3 Rad8 21. h3
Qxh3 22. Bxg4 Qxg3 23. Rxg3 Rxd1+ 24. Bxd1 Bxa2 25. b3 c4 26. e6 cxb3 27. exf7+
Kxf7 28. cxb3 Bb1 29. Rg4 Rd8 30. Ra4 a6 31. Be2 Bf5 32. b4 Bd7 33. Ra5 Kg7 34.
b5 axb5 35. Bxb5 b6 0-1

[Event "4NCL 2012-13"]
[Site "Staverton ENG"]
[Date "2013.02.23"]
[Round "5.144"]
[White "Fernandez, Daniel Howard"]
[Black "Hansen, Hans-Peter"]
[Result "1-0"]
[WhiteTitle "IM"]
[WhiteElo "2352"]
[BlackElo "2207"]
[WhiteTeam "e2e4.org.uk"]
[BlackTeam "BCM"]
[WhiteFideId "5801605"]
[BlackFideId "1503502"]
[EventDate "2012.11.03"]

1. d4 Nf6 2. Nf3 e6 3. c3 c5 4. Bf4 b6 5. Nbd2 Bb7 6. e3 Be7 7. Qc2 Nc6 8. h3
cxd4 9. exd4 Rc8 10. Be2 O-O 11. O-O a6 12. a4 d6 13. Bh2 Re8 14. Rfe1 Bf8 15.
Bf1 Qc7 16. Red1 Nb8 17. Bd3 Nbd7 18. Ng5 h6 19. Bh7+ 1-0

[Event "4NCL 2012-13"]
[Site "Staverton ENG"]
[Date "2013.02.23"]
[Round "5.145"]
[White "Purdon, Colin"]
[Black "Jackson, James P"]
[Result "0-1"]
[WhiteElo "2099"]
[BlackElo "2221"]
[WhiteTeam "BCM"]
[BlackTeam "e2e4.org.uk"]
[WhiteFideId "408581"]
[BlackFideId "416860"]
[EventDate "2012.11.03"]

1. d4 d5 2. c4 e6 3. Nc3 c5 4. cxd5 exd5 5. Nf3 Nc6 6. g3 Nf6 7. Bg2 Be7 8. O-O
O-O 9. Bg5 c4 10. Ne5 Be6 11. f4 h6 12. Bxf6 Bxf6 13. f5 Bxe5 14. dxe5 Qb6+ 15.
Kh1 Qxb2 16. Na4 Qxe5 17. fxe6 fxe6 18. Nc5 Rxf1+ 19. Qxf1 b6 20. Na4 b5 21. Nc5
Qd6 22. Qg1 Rc8 23. Rd1 Ne7 24. Ne4 Qa3 25. Bh3 Rc6 26. Nd2 c3 27. Nf3 c2 28.
Rc1 Rc4 29. Bxe6+ Kh7 30. Qf1 Qe3 31. Bd7 a6 32. Qe1 Rc7 33. Bh3 a5 34. Qd2 Qxd2
35. Nxd2 a4 36. Nf3 b4 37. Nd2 Kg6 38. Bg2 Kf6 39. Kg1 Ke5 40. Nf3+ Kd6 41. Nd2
Rc3 42. Kf2 Ke5 43. e3 Nf5 44. e4 Ne3 45. exd5 Nxg2 46. Kxg2 Kxd5 47. Kf2 Kd4
48. Ke2 Re3+ 49. Kf2 Kd3 50. Nc4 Re2+ 51. Kf3 Kxc4 52. Kxe2 Kc3 53. Rf1 b3 0-1

[Event "4NCL 2012-13"]
[Site "Staverton ENG"]
[Date "2013.02.23"]
[Round "5.146"]
[White "Josse, Mark"]
[Black "Tavares, Shawn P"]
[Result "1-0"]
[WhiteElo "2147"]
[BlackElo "2168"]
[WhiteTeam "e2e4.org.uk"]
[BlackTeam "BCM"]
[WhiteFideId "414476"]
[BlackFideId "7700016"]
[EventDate "2012.11.03"]

1. e4 c5 2. Nc3 Nc6 3. Nf3 g6 4. d4 cxd4 5. Nxd4 Bg7 6. Be3 d6 7. Qd2 Nf6 8. f3
O-O 9. Bc4 Bd7 10. h4 h5 11. O-O-O Ne5 12. Bb3 a5 13. a4 Rc8 14. Kb1 Re8 15. Bh6
Bh8 16. g4 Nc4 17. Qe2 Nb6 18. gxh5 Nxh5 19. Rhg1 Rxc3 20. bxc3 Nxa4 21. Qc4 d5
22. exd5 Qb6 23. d6 e6 24. Qd3 Kh7 25. Bd2 Nc5 26. Qe3 Bg7 27. Ka2 Qxd6 28. Rg5
e5 29. Ne2 Nxb3 30. cxb3 Bh6 31. Rxh5 gxh5 32. Qxh6+ Qxh6 33. Bxh6 Bc6 34. Be3
Bxf3 35. Rd2 Kg6 36. Ng3 Bg4 37. Rd6+ Re6 38. Bc5 Kg7 39. Kb2 Kg6 40. Rxe6+ Bxe6
41. Bd6 f6 42. Bc7 Bg4 43. Kc2 Kf7 44. Bxa5 f5 45. Kd2 Ke6 46. c4 Bf3 47. Bc7 f4
48. Ne2 Kf5 49. b4 Ke4 50. c5 Bg4 51. Nc3+ Kd4 52. Ne2+ Kc4 53. Bxe5 f3 54. Ng3
Kxb4 55. Bd6 Kc4 56. Ke3 Kd5 57. Bf8 Ke6 58. Ne4 Kf7 59. Bd6 Ke6 60. Ng5+ Kd5
61. Bf8 f2 62. Kxf2 Kd4 63. Kg3 Ke3 64. Nf7 Be6 65. Nd6 Bd5 66. Be7 Bh1 67. Bd8
Kd4 68. Bb6 Ke5 69. Kf2 Bd5 70. Ke3 Bc6 71. Kd3 Bd5 72. Kc3 Bf3 73. Kc4 Be2+ 74.
Kb4 Bf3 75. Bc7 Ke6 76. Kb5 Bc6+ 77. Kb6 Kd5 78. Bd8 Kd4 79. Be7 1-0

[Event "4NCL 2012-13"]
[Site "Staverton ENG"]
[Date "2013.02.23"]
[Round "5.147"]
[White "Yurenok, Maria S"]
[Black "Byron, Alan M"]
[Result "1/2-1/2"]
[WhiteTitle "WFM"]
[WhiteElo "2041"]
[BlackElo "2167"]
[WhiteTeam "BCM"]
[BlackTeam "e2e4.org.uk"]
[WhiteFideId "409359"]
[BlackFideId "401773"]
[EventDate "2012.11.03"]

1. d4 Nf6 2. c4 g6 3. Nc3 Bg7 4. e4 d6 5. f3 O-O 6. Nge2 c6 7. Be3 e5 8. Qd2
Nbd7 9. O-O-O a6 10. Kb1 b5 11. d5 cxd5 12. Nxd5 Nxd5 13. Qxd5 Nb6 14. Bxb6 Qxb6
15. Qxd6 Qf2 16. Nc3 bxc4 17. Rd2 Qe1+ 18. Rd1 Qf2 1/2-1/2

[Event "4NCL 2012-13"]
[Site "Staverton ENG"]
[Date "2013.02.24"]
[Round "6.111"]
[White "Hawkins, Jonathan"]
[Black "Howell, David W L"]
[Result "1/2-1/2"]
[WhiteTitle "IM"]
[BlackTitle "GM"]
[WhiteElo "2511"]
[BlackElo "2634"]
[WhiteTeam "Cheddleton"]
[BlackTeam "Wood Green, Hilsmark Kingfisher"]
[WhiteFideId "412686"]
[BlackFideId "410608"]
[EventDate "2012.11.03"]

1. d4 Nf6 2. c4 g6 3. Nc3 Bg7 4. e4 O-O 5. Be3 d6 6. f3 Nc6 7. Qd2 a6 8. Nge2
Bd7 9. Nc1 e6 10. Be2 e5 11. Nb3 exd4 12. Nxd4 Nxd4 13. Bxd4 Rb8 14. O-O b5 1/2-1/2

[Event "4NCL 2012-13"]
[Site "Staverton ENG"]
[Date "2013.02.24"]
[Round "6.113"]
[White "Colovic, Aleksandar"]
[Black "Pert, Nicholas"]
[Result "1/2-1/2"]
[WhiteTitle "IM"]
[BlackTitle "GM"]
[WhiteElo "2447"]
[BlackElo "2557"]
[WhiteTeam "Cheddleton"]
[BlackTeam "Wood Green, Hilsmark Kingfisher"]
[WhiteFideId "15000729"]
[BlackFideId "403989"]
[EventDate "2012.11.03"]

1. d4 d5 2. c4 c6 3. cxd5 cxd5 4. Bf4 Nf6 5. Nc3 Nc6 6. e3 Bg4 7. Qb3 Na5 8.
Qa4+ Bd7 9. Qc2 Rc8 10. Nf3 e6 11. Bd3 b5 12. a3 Be7 13. O-O Nc4 14. Rac1 O-O
15. Qe2 a6 1/2-1/2

[Event "4NCL 2012-13"]
[Site "Staverton ENG"]
[Date "2013.02.24"]
[Round "6.114"]
[White "Fontaine, Robert"]
[Black "Hamitevici, Vladimir"]
[Result "1/2-1/2"]
[WhiteTitle "GM"]
[BlackTitle "IM"]
[WhiteElo "2559"]
[BlackElo "2440"]
[WhiteTeam "Wood Green, Hilsmark Kingfisher"]
[BlackTeam "Cheddleton"]
[WhiteFideId "605590"]
[BlackFideId "13902393"]
[EventDate "2012.11.03"]

1. e4 c5 2. Nf3 d6 3. d4 cxd4 4. Nxd4 Nf6 5. Nc3 a6 6. Be2 e5 7. Nb3 Be7 8. Bg5
Be6 9. Bxf6 Bxf6 10. Qd3 Nc6 11. O-O-O Nd4 12. Nxd4 exd4 13. Nd5 Bxd5 14. exd5
O-O 15. Qf3 Re8 16. Bd3 Re5 17. Rhe1 Qe7 18. Re4 Rxe4 19. Qxe4 Qxe4 20. Bxe4 Re8
21. Bf3 g6 22. Kd2 h5 23. Kd3 Kf8 24. a4 Ke7 1/2-1/2

[Event "4NCL 2012-13"]
[Site "Staverton ENG"]
[Date "2013.02.24"]
[Round "6.115"]
[White "Paehtz, Elisabeth"]
[Black "Petrov, Marijan"]
[Result "1/2-1/2"]
[WhiteTitle "IM"]
[BlackTitle "GM"]
[WhiteElo "2482"]
[BlackElo "2512"]
[WhiteTeam "Cheddleton"]
[BlackTeam "Wood Green, Hilsmark Kingfisher"]
[WhiteFideId "4641833"]
[BlackFideId "2901773"]
[EventDate "2012.11.03"]

1. e4 c5 2. Nc3 Nc6 3. Bb5 Nd4 4. Bc4 e6 5. Nge2 Ne7 6. Nxd4 cxd4 7. Ne2 Nc6 8.
d3 Be7 9. O-O O-O 10. a3 Re8 11. Ba2 b5 12. f4 Bb7 13. f5 Bg5 14. Qe1 Rc8 15.
Qf2 Bf6 16. Ng3 Kh8 17. Bf4 1/2-1/2

[Event "4NCL 2012-13"]
[Site "Staverton ENG"]
[Date "2013.02.24"]
[Round "6.117"]
[White "Bellin, Robert"]
[Black "Ward, Chris G"]
[Result "1/2-1/2"]
[WhiteTitle "IM"]
[BlackTitle "GM"]
[WhiteElo "2355"]
[BlackElo "2432"]
[WhiteTeam "Cheddleton"]
[BlackTeam "Wood Green, Hilsmark Kingfisher"]
[WhiteFideId "400343"]
[BlackFideId "400203"]
[EventDate "2012.11.03"]

1. d4 Nf6 2. Nf3 e6 3. e3 c5 4. Bd3 b6 5. O-O Bb7 6. c4 g6 7. d5 exd5 8. cxd5
Bxd5 9. e4 Bc6 10. Nc3 Be7 11. e5 Nh5 12. Bh6 Bf8 13. Bg5 Be7 14. Bh6 Bf8 15.
Bg5 Be7 1/2-1/2

[Event "4NCL 2012-13"]
[Site "Staverton ENG"]
[Date "2013.02.24"]
[Round "6.118"]
[White "Arakhamia-Grant, Ketevan"]
[Black "Eggleston, David J"]
[Result "1/2-1/2"]
[WhiteTitle "GM"]
[BlackTitle "FM"]
[WhiteElo "2414"]
[BlackElo "2337"]
[WhiteTeam "Wood Green, Hilsmark Kingfisher"]
[BlackTeam "Cheddleton"]
[WhiteFideId "13600168"]
[BlackFideId "412120"]
[EventDate "2012.11.03"]

1. e4 c5 2. Nf3 d6 3. d4 cxd4 4. Nxd4 Nf6 5. Nc3 a6 6. Be3 e5 7. Nb3 Be6 8. Qd2
Nbd7 9. f4 b5 10. f5 Bc4 11. O-O-O Rc8 12. Kb1 Be7 13. g4 Nxg4 14. Rg1 Nxe3 15.
Qxe3 Qb6 16. Qg3 Nf6 17. Bxc4 Rxc4 18. Nd2 Rc8 19. Nd5 Nxd5 20. exd5 Bf6 21. Ne4
Kd7 22. Qh3 Ke7 23. Qf3 Kd7 24. Qh3 Ke7 25. Qf3 Kd7 1/2-1/2

[Event "4NCL 2012-13"]
[Site "Staverton ENG"]
[Date "2013.02.24"]
[Round "6.121"]
[White "Panjwani, Raja"]
[Black "Turner, Matthew J"]
[Result "1/2-1/2"]
[WhiteTitle "IM"]
[BlackTitle "GM"]
[WhiteElo "2402"]
[BlackElo "2504"]
[WhiteTeam "e2e4.org.uk"]
[BlackTeam "Barbican 4NCL"]
[WhiteFideId "2604493"]
[BlackFideId "402893"]
[EventDate "2012.11.03"]

1. c4 Nf6 2. Nf3 c5 3. g3 g6 4. Nc3 Bg7 5. Bg2 O-O 6. d4 d6 7. d5 Na6 8. O-O Nc7
9. e4 Bg4 10. h3 Bxf3 11. Bxf3 Nd7 12. Be2 e6 13. dxe6 Nxe6 14. Qxd6 Nd4 15. Bf4
Re8 16. Bg4 Nf6 17. Qxc5 Nxg4 18. hxg4 Qd7 19. Kg2 Rac8 20. Qxa7 Rxc4 21. f3 f5
22. gxf5 gxf5 23. Rac1 Ne6 24. Qa5 Bxc3 25. Rxc3 Nxf4+ 26. gxf4 Qg7+ 27. Kh2
Qh6+ 28. Kg3 Qg7+ 29. Kh2 Qh6+ 30. Kg3 1/2-1/2

[Event "4NCL 2012-13"]
[Site "Staverton ENG"]
[Date "2013.02.24"]
[Round "6.122"]
[White "Collins, Sam E."]
[Black "Slavin, Alexey"]
[Result "1-0"]
[WhiteTitle "IM"]
[BlackTitle "IM"]
[WhiteElo "2471"]
[BlackElo "2397"]
[WhiteTeam "Barbican 4NCL"]
[BlackTeam "e2e4.org.uk"]
[WhiteFideId "2501198"]
[BlackFideId "24104388"]
[EventDate "2012.11.03"]

1. d4 Nf6 2. c4 c5 3. d5 e5 4. Nc3 d6 5. e4 g6 6. Nf3 Bg4 7. Qa4+ Bd7 8. Qb3 Na6
9. Bg5 Be7 10. Rd1 h6 11. Bc1 Qa5 12. Bd2 Qb6 13. Qxb6 axb6 14. a3 Nc7 15. Be2
Kf8 16. O-O Kg7 17. Ne1 Nfe8 18. g3 Bh3 19. Ng2 Nf6 20. f3 Nd7 21. Bd3 Bg5 22.
Be1 Bxg2 23. Kxg2 Be3 24. Ne2 b5 25. cxb5 Nb6 26. Nc3 c4 27. Bc2 Nd7 28. Bf2
Bxf2 29. Rxf2 Ra5 30. Rdf1 Na8 31. f4 Nab6 32. h4 Re8 33. Bd1 Raa8 34. Bg4 Re7
35. Kh3 Rd8 36. f5 gxf5 37. Bxf5 Nc5 38. Bg4 Nd3 39. Rg2 Ra8 40. Bd1 Nd7 41. Kh2
N7c5 42. Rd2 Kg6 43. Be2 Na4 44. Nd1 Ndxb2 45. Rxb2 Nxb2 46. Nxb2 Rxa3 47. Nxc4
Ra2 48. Rf2 Rc7 49. Nxd6 Rcc2 50. h5+ Kg7 51. Rxf7+ Kg8 52. Rxb7 Rxe2+ 53. Kh3
Ra8 54. b6 Rd8 55. Nf7 Rf8 56. Nxh6+ Kh8 57. Nf7+ Kg8 58. Ng5 Rf6 59. Rb8+ Rf8
60. Rxf8+ Kxf8 61. h6 Rb2 62. Ne6+ Ke7 63. h7 Rb1 64. Kg4 Rh1 65. b7 1-0

[Event "4NCL 2012-13"]
[Site "Staverton ENG"]
[Date "2013.02.24"]
[Round "6.123"]
[White "Sowray, Peter J"]
[Black "Devereaux, Maxim L"]
[Result "1-0"]
[WhiteTitle "FM"]
[BlackTitle "IM"]
[WhiteElo "2362"]
[BlackElo "2367"]
[WhiteTeam "e2e4.org.uk"]
[BlackTeam "Barbican 4NCL"]
[WhiteFideId "400971"]
[BlackFideId "408280"]
[EventDate "2012.11.03"]

1. d4 Nf6 2. c4 e6 3. Nc3 Bb4 4. e3 b6 5. Ne2 Ba6 6. a3 Be7 7. Nf4 d5 8. cxd5
Bxf1 9. dxe6 Ba6 10. exf7+ Kxf7 11. e4 c5 12. e5 Nc6 13. exf6 Bxf6 14. Qb3+ c4
15. Qa4 Na5 16. Be3 Qe8 17. Qc2 Bb7 18. O-O Rd8 19. d5 Kg8 20. Rad1 Rd7 21. Rfe1
Qb8 22. Ne6 Nb3 23. Bf4 Qc8 24. Nc7 Rd8 25. Ne4 Qg4 26. Qxc4 Na5 27. Nxf6+ gxf6
28. Qe4 Bc8 29. Qe7 Qd7 30. Qxf6 Rf8 31. Qg5+ Kf7 32. Be5 1-0

[Event "4NCL 2012-13"]
[Site "Staverton ENG"]
[Date "2013.02.24"]
[Round "6.124"]
[White "Griffiths, Ryan Rhys"]
[Black "Fernandez, Daniel Howard"]
[Result "1-0"]
[WhiteTitle "FM"]
[BlackTitle "IM"]
[WhiteElo "2353"]
[BlackElo "2352"]
[WhiteTeam "Barbican 4NCL"]
[BlackTeam "e2e4.org.uk"]
[WhiteFideId "2502054"]
[BlackFideId "5801605"]
[EventDate "2012.11.03"]

1. d4 g6 2. e4 Bg7 3. Nc3 a6 4. f4 b5 5. Nf3 b4 6. Ne2 Bb7 7. Ng3 h5 8. Bd3 h4
9. Nf1 Nf6 10. Qe2 h3 11. Ng3 c5 12. dxc5 Qa5 13. e5 Nd5 14. Ne4 b3+ 15. Bd2
hxg2 16. Rg1 Nb4 17. a3 Nxd3+ 18. cxd3 Qc7 19. Nd6+ Kf8 20. Nxb7 Qxb7 21. Rxg2
Qd5 22. Rc1 Nc6 23. Rc4 Rh3 24. Kf2 f6 25. Qe4 Qxe4 26. Rxe4 g5 27. fxg5 fxe5
28. Rg3 Rxg3 29. Kxg3 d5 30. cxd6 exd6 31. Rc4 Rc8 32. Bb4 e4 33. Bxd6+ Kf7 34.
dxe4 Bxb2 35. Nd2 Ke6 36. Bf4 Bxa3 37. Nxb3 Bd6 38. Rxc6 1-0

[Event "4NCL 2012-13"]
[Site "Staverton ENG"]
[Date "2013.02.24"]
[Round "6.125"]
[White "Jackson, James P"]
[Black "Ferguson, Mark"]
[Result "1/2-1/2"]
[BlackTitle "IM"]
[WhiteElo "2221"]
[BlackElo "2402"]
[WhiteTeam "e2e4.org.uk"]
[BlackTeam "Barbican 4NCL"]
[WhiteFideId "416860"]
[BlackFideId "403547"]
[EventDate "2012.11.03"]

1. e4 e5 2. Nf3 Nc6 3. Bc4 Bc5 4. c3 Nf6 5. d3 a6 6. Bb3 Ba7 7. Nbd2 O-O 8. Nf1
d5 9. exd5 Nxd5 10. Ng3 Nf4 11. Bxf4 exf4 12. Ne2 Bg4 13. d4 Bxf3 14. gxf3 Re8
15. O-O Qh4 16. Qd2 g5 17. Qd3 Qh5 18. Rae1 Na5 19. Qf5 Nxb3 20. axb3 Qg6 21.
Qxg6+ hxg6 22. Nc1 f6 1/2-1/2

[Event "4NCL 2012-13"]
[Site "Staverton ENG"]
[Date "2013.02.24"]
[Round "6.126"]
[White "D'Costa, Lorin A R"]
[Black "Josse, Mark"]
[Result "0-1"]
[WhiteTitle "IM"]
[WhiteElo "2426"]
[BlackElo "2147"]
[WhiteTeam "Barbican 4NCL"]
[BlackTeam "e2e4.org.uk"]
[WhiteFideId "409219"]
[BlackFideId "414476"]
[EventDate "2012.11.03"]

1. c4 e5 2. g3 Nc6 3. Bg2 Bc5 4. Nc3 d6 5. Nf3 a6 6. O-O Nge7 7. d3 O-O 8. a3
Be6 9. b4 Ba7 10. Bb2 Qd7 11. Rc1 Bh3 12. e3 h6 13. d4 exd4 14. exd4 Bxg2 15.
Kxg2 Ng6 16. Nd5 Rfe8 17. Qd2 Nce7 18. Nc3 Rac8 19. Rfe1 c6 20. d5 cxd5 21. cxd5
Rc4 22. Ne4 Rxc1 23. Rxc1 Nf5 24. Qd3 Kf8 25. Rc4 Bb6 26. h4 Ba7 27. h5 Ne5 28.
Nxe5 dxe5 29. Nc5 Bxc5 30. bxc5 f6 31. Qe4 Ne7 32. d6 Nc6 33. g4 Qe6 34. Rc2 Kg8
35. f3 Rc8 36. Kf2 Nd8 37. Ke2 Kf8 38. Qh7 Qb3 39. Qe4 Ne6 40. d7 Rd8 41. c6
bxc6 42. Qxc6 Rxd7 43. Qxd7 Qxc2+ 44. Ke3 Qb3+ 0-1

[Event "4NCL 2012-13"]
[Site "Staverton ENG"]
[Date "2013.02.24"]
[Round "6.127"]
[White "Willmoth, Robert F"]
[Black "Cox, John J"]
[Result "1/2-1/2"]
[BlackTitle "IM"]
[WhiteElo "2164"]
[BlackElo "2396"]
[WhiteTeam "e2e4.org.uk"]
[BlackTeam "Barbican 4NCL"]
[WhiteFideId "402540"]
[BlackFideId "401064"]
[EventDate "2012.11.03"]

1. Nf3 d5 2. b3 Bg4 3. Bb2 Bxf3 4. exf3 e6 5. g3 Nf6 6. Bg2 c6 7. f4 Nbd7 8. Qe2
Bd6 9. O-O O-O 10. d4 a5 11. c4 Re8 12. Rd1 Bf8 13. Nc3 g6 14. Rac1 Bg7 15. Rc2
Kh8 16. Qd2 Ng8 17. c5 Ne7 18. Na4 Nf5 19. Bc3 f6 20. Bh3 Bf8 21. Re1 Ng7 22.
Qc1 Kg8 23. Rce2 f5 24. Qd2 Qc7 25. Bf1 Be7 26. Ra1 Bd8 27. a3 Qb8 28. Qe1 b5
29. cxb6 Bxb6 30. b4 axb4 31. axb4 Qd6 32. Nc5 Kf7 33. Rea2 Rxa2 34. Rxa2 Rb8
35. Qa1 Ne8 36. Bd3 Nc7 37. Na6 Ra8 38. Nxc7 Rxa2 39. Qxa2 Qxc7 40. Kf1 Qb7 41.
Qa4 Nf6 42. f3 Ne8 43. b5 cxb5 44. Qxb5 Nd6 45. Qb2 Qc6 46. Ke2 h5 47. Qb4 Nc4
48. Bxc4 dxc4 49. Bb2 Ke8 50. Ba3 Kd7 51. Ke3 c3 52. Qe7+ Kc8 53. Qd6 Kb7 54.
Qxc6+ Kxc6 55. Kd3 Ba5 56. Kc4 c2 57. Bc1 Bd8 58. Be3 Bf6 59. Kd3 Kd5 60. Kxc2
Bxd4 61. Bxd4 1/2-1/2

[Event "4NCL 2012-13"]
[Site "Staverton ENG"]
[Date "2013.02.24"]
[Round "6.131"]
[White "Zhou, Yang-Fan"]
[Black "Mah, Karl C C"]
[Result "1/2-1/2"]
[WhiteTitle "IM"]
[BlackTitle "IM"]
[WhiteElo "2418"]
[BlackElo "2415"]
[WhiteTeam "Guildford"]
[BlackTeam "Cambridge University"]
[WhiteFideId "468584"]
[BlackFideId "404381"]
[EventDate "2012.11.03"]

1. e4 e6 2. d4 d5 3. Nd2 dxe4 4. Nxe4 Nd7 5. g3 Rb8 6. Bg2 b5 7. Nf3 Bb7 8. Qe2
Ngf6 9. Nxf6+ Qxf6 10. O-O Bd6 11. c3 a6 12. a4 O-O 13. axb5 axb5 14. Ra7 Bd5
15. Nd2 Qf5 16. Be4 Qh3 17. Nf3 Qg4 18. Re1 Nf6 19. Bxd5 exd5 20. Ne5 Qxe2 1/2-1/2

[Event "4NCL 2012-13"]
[Site "Staverton ENG"]
[Date "2013.02.24"]
[Round "6.132"]
[White "Dearing, Eddie"]
[Black "Plat, Vojtech"]
[Result "1-0"]
[WhiteTitle "IM"]
[BlackTitle "IM"]
[WhiteElo "2418"]
[BlackElo "2452"]
[WhiteTeam "Cambridge University"]
[BlackTeam "Guildford 2"]
[WhiteFideId "2400731"]
[BlackFideId "325740"]
[EventDate "2012.11.03"]

1. d4 d5 2. c4 Nc6 3. Nf3 Bg4 4. Nc3 Bxf3 5. gxf3 Nf6 6. e3 e6 7. Bd2 e5 8. dxe5
Nxe5 9. cxd5 Nxd5 10. Qa4+ Nc6 11. Qe4+ Nce7 12. Bc4 Nb6 13. Qxb7 c6 14. Bb3 a5
15. Na4 Rb8 16. Qa6 Nxa4 17. Bxa4 Rb6 18. Qxa5 Nd5 19. O-O-O Qf6 20. Bc3 Nxc3
21. Qa8+ Ke7 22. Qd8+ Ke6 23. Qd7+ Ke5 24. f4+ Ke4 25. Rd4+ Kf3 26. Qh3+ 1-0

[Event "4NCL 2012-13"]
[Site "Staverton ENG"]
[Date "2013.02.24"]
[Round "6.133"]
[White "Suarez Real, Alberto"]
[Black "Moskovic, David M"]
[Result "1-0"]
[WhiteTitle "FM"]
[BlackTitle "FM"]
[WhiteElo "2408"]
[BlackElo "2342"]
[WhiteTeam "Guildford"]
[BlackTeam "Cambridge University"]
[WhiteFideId "2218534"]
[BlackFideId "404535"]
[EventDate "2012.11.03"]

1. e4 c5 2. Nf3 e6 3. d4 cxd4 4. Nxd4 a6 5. Nc3 b5 6. Bd3 Bb7 7. O-O Nc6 8. Nxc6
Bxc6 9. Re1 Bc5 10. e5 f5 11. Qh5+ g6 12. Qh3 Bd4 13. a4 b4 14. Nd1 Qa5 15. Bd2
Bxe5 16. Ne3 Qc5 17. Nc4 Bf6 18. Qg3 Bd5 19. Be3 Bd4 20. Bxd4 Qxd4 21. c3 bxc3
22. bxc3 Qxc3 23. Nb6 Ne7 24. Nxa8 Bxa8 25. Bxa6 Qf6 26. Qd6 Qg5 27. Bf1 Nc6 28.
Rad1 Qe7 29. Qc7 Qd8 30. Rxe6+ dxe6 31. Rxd8+ Nxd8 1-0

[Event "4NCL 2012-13"]
[Site "Staverton ENG"]
[Date "2013.02.24"]
[Round "6.134"]
[White "Bisby, Daniel L"]
[Black "Ciuksyte, Dagne"]
[Result "1-0"]
[WhiteTitle "FM"]
[BlackTitle "IM"]
[WhiteElo "2288"]
[BlackElo "2354"]
[WhiteTeam "Cambridge University"]
[BlackTeam "Guildford 2"]
[WhiteFideId "404586"]
[BlackFideId "12800619"]
[EventDate "2012.11.03"]

1. e4 c5 2. Nf3 e6 3. d4 cxd4 4. Nxd4 a6 5. f4 Nf6 6. e5 Nd5 7. c4 Nb4 8. a3
N4c6 9. Nf3 d6 10. exd6 Bxd6 11. Nc3 Qc7 12. Bd3 Bxf4 13. Qe2 Bxc1 14. Rxc1 Nd7
15. O-O Nce5 16. Rce1 Nxd3 17. Qxd3 O-O 18. Kh1 Nc5 19. Qc2 a5 20. b4 axb4 21.
axb4 Na6 22. Qb3 Qb6 23. Rb1 Bd7 24. Ne4 Bc6 25. c5 Qc7 26. Nd6 Bxf3 27. Qxf3 b6
28. Nb5 Qe5 29. Qb7 bxc5 30. Rxf7 Nxb4 31. Rbf1 Nd5 32. Nd6 Nf4 33. h3 Rab8 34.
R1xf4 Qa1+ 35. Kh2 1-0

[Event "4NCL 2012-13"]
[Site "Staverton ENG"]
[Date "2013.02.24"]
[Round "6.135"]
[White "Wall, Gavin"]
[Black "Eckersley-Waites, Adam"]
[Result "1/2-1/2"]
[WhiteTitle "IM"]
[WhiteElo "2340"]
[BlackElo "2266"]
[WhiteTeam "Guildford"]
[BlackTeam "Cambridge University"]
[WhiteFideId "2501244"]
[BlackFideId "411698"]
[EventDate "2012.11.03"]

1. e4 c5 2. Nf3 d6 3. d4 cxd4 4. Qxd4 a6 5. Bg5 Nc6 6. Qd2 h6 7. Bh4 g5 8. Bg3
Bg7 9. Nc3 Bg4 10. Be2 Nf6 11. h4 Bxf3 12. gxf3 Qa5 13. hxg5 hxg5 14. Rxh8+ Bxh8
15. O-O-O Rc8 16. Kb1 Nh5 17. Rh1 Bxc3 18. bxc3 Nxg3 19. fxg3 Qe5 20. Rh5 f6 21.
f4 Qxe4 22. Bd3 Qe6 23. Qf2 Qg4 24. Be2 Qf5 25. Bd3 Qg4 26. Be2 Qf5 1/2-1/2

[Event "4NCL 2012-13"]
[Site "Staverton ENG"]
[Date "2013.02.24"]
[Round "6.136"]
[White "Alfred, Nathan S W"]
[Black "Osborne, Marcus E"]
[Result "0-1"]
[WhiteTitle "FM"]
[WhiteElo "2260"]
[BlackElo "2280"]
[WhiteTeam "Cambridge University"]
[BlackTeam "Guildford"]
[WhiteFideId "407739"]
[BlackFideId "404608"]
[EventDate "2012.11.03"]

1. d4 e6 2. c4 Nf6 3. Nf3 b6 4. g3 Bb7 5. Bg2 Be7 6. O-O O-O 7. d5 Na6 8. Nc3
Bb4 9. Bd2 Re8 10. Nh4 Nc5 11. e4 Bxc3 12. Bxc3 Nfxe4 13. Bxg7 Kxg7 14. b4 Qf6
15. bxc5 Nxc5 16. f4 Kh8 17. Qh5 exd5 18. Rad1 d4 19. Bxb7 Nxb7 20. Nf3 Nc5 21.
Rxd4 Qg6 22. Qh4 Re5 23. Nxe5 Qe6 24. Re4 Nxe4 25. Re1 f5 26. Qh5 Rf8 27. Qe2 d6
28. Nc6 Qf6 29. Qe3 a5 30. g4 Qh4 31. g5 Re8 32. Nd4 Qg4+ 33. Kh1 c5 34. h3 Qg3
35. Nf3 Nf2+ 36. Qxf2 Qxf2 37. Rxe8+ Kg7 38. Ne1 Qf1+ 39. Kh2 Qxf4+ 40. Kg2
Qxg5+ 41. Kf2 Qh4+ 42. Kg2 Qxc4 0-1